000 00555nam a2200205Ia 4500
005 20230503110023.0
008 140110s9999 xx 000 0 und d
020 _a9788120340237
_cRs.195.00
040 _aLoreto College
041 _aEnglish
082 _a658.4
_bCHA
100 _aChatterjee,Indrajit
245 _aManagement information systems
_cIndrajit Chatterjee
260 _aNew Delhi
_bPHI Learning
_c2010
300 _ax,202p
504 _aIncludes appendix,glossary and index
650 _aManagement
850 _aLCLIB
942 _cBK
999 _c37540
_d88019